Countries with «TH» in their Name - Statistics

General Stats
  • This quiz has been taken 37 times
  • The average score is 8 of 10
Answer Stats
Answer % Correct
North Korea
88%
South Korea
88%
Thailand
88%
North Macedonia
82%
South Africa
82%
South Sudan
82%
Netherlands
70%
Lithuania
67%
Ethiopia
55%
Lesotho
55%
No matching quizzes found
Score Distribution
Percent of People with Each Score
Percentile by Number Answered
Your Score History
You have not taken this quiz